Industrial Engineering and Management (Record no. 862)

MARC details
000 -LEADER
fixed length control field 00370nam a2200145Ia 4500
008 - FIXED-LENGTH DATA ELEMENTS--GENERAL INFORMATION
fixed length control field 191201s2005 xx 000 0 und d
082 ## - DEWEY DECIMAL CLASSIFICATION NUMBER
Classification number 658.5
Item number KHI
100 ## - MAIN ENTRY--PERSONAL NAME
Personal name Khanna, O P
245 #0 - TITLE STATEMENT
Title Industrial Engineering and Management
250 ## - EDITION STATEMENT
Edition statement Rep
260 ## - PUBLICATION, DISTRIBUTION, ETC. (IMPRINT)
Place of publication, distribution, etc N.Delhi
Name of publisher, distributor, etc Dhanpat Rai Pubns (P) Ltd
Date of publication, distribution, etc 2005
300 ## - PHYSICAL DESCRIPTION
Extent 1.1-39.13
650 ## - SUBJECT ADDED ENTRY--TOPICAL TERM
Topical term or geographic name as entry element B.Tech(ME)
942 ## - ADDED ENTRY ELEMENTS (KOHA)
Source of classification or shelving scheme Dewey Decimal Classification
Koha item type Text Books
942 ## - ADDED ENTRY ELEMENTS (KOHA)
-- 3
Holdings
Withdrawn status Lost status Source of classification or shelving scheme Damaged status Not for loan Collection code Home library Current library Date acquired Source of acquisition Cost, normal purchase price Bill Number Total Checkouts Full call number Acc. no. / Barcode Date last seen Bill Date Koha item type Date last borrowed
    Dewey Decimal Classification     B.Tech(ME) PIET C-LIBRARY PIET C-LIBRARY 08/08/2006 M/s UBS Publishers, New Delhi 310.00 125415   658.5 KHI 382 04/12/2019 18/08/2005 Text Books  
    Dewey Decimal Classification     B.Tech(ME) PIET C-LIBRARY PIET C-LIBRARY 08/08/2006 M/s UBS Publishers, New Delhi 310.00 125415 1 658.5 KHI 383 20/12/2019 18/08/2005 Text Books 13/12/2019
    Dewey Decimal Classification     B.Tech(ME) PIET C-LIBRARY PIET C-LIBRARY 08/08/2006 M/s UBS Publishers, New Delhi 310.00 125415 4 658.5 KHI 384 31/03/2025 18/08/2005 Text Books 18/03/2025
    Dewey Decimal Classification     B.Tech(ME) PIET C-LIBRARY PIET C-LIBRARY 08/08/2006 M/s UBS Publishers, New Delhi 310.00 125415 1 658.5 KHI 385 20/12/2019 18/08/2005 Text Books 13/12/2019
    Dewey Decimal Classification     B.Tech(ME) PIET C-LIBRARY PIET C-LIBRARY 08/08/2006 M/s UBS Publishers, New Delhi 310.00 125415 2 658.5 KHI 386 03/02/2021 18/08/2005 Text Books 21/01/2021

Design & Developed by: PIET Central Library
R70 Miles Stone Pattikalyana Samalkha Panipat 132102
mail ID :- [email protected], Phone No:- 0180-2569700 Ex.216